000 01194cad a22002055a 4500
001 L156073
008 120430s2012 xxk 000 0 eng d
035 _a(Sirsi) u156073
041 0 _aeng
110 2 _aCB Richard Ellis
_93675
245 0 0 _aScotland offices market update
_h[electronic resource]
260 _a[S.l.]
_bCBRE
_c2012
490 _aCBRE Scotland Offices Market Update
_vQ1 2012
520 _aMore quarterly take-up in the Glasgow office than has been seen since Q2 2010 with total availability creeping up 5% over Q1 2011. Demand in Edinburgh's office market has held up well this quarter, 13% over previous quarter and 31% more than the long-term average quarterly average. Aberdeen is again the best performing Scottish city in Q1 2012 in terms of office take-up. Top deals in Q1 2012. tables covering take-up, availability, prime rents and yields for Glasgow, Edinburgh and Aberdeen.
590 _aKA
651 4 _aScotland
690 _aCommercial property
_96227
856 4 0 _uhttps://www.cbre.co.uk/portal/page/portal/uk_en/research
_zView the report (highlight United Kingdom -Edinburgh in UK location search box then click on search) at www.cbre.co.uk
942 _n0
999 _c83947
_d83947